Meta GeoGuessr - Balises Europe - Statistiques

Statistiques générales
  • Ce quiz a été pris 232 fois
    226 depuis la dernière actualisation
  • Le résultat moyen est 8 sur 36
Statistiques - réponses
Par images Réponse % Correct
France
78%
Islande
66%
Tchéquie - Slovaquie
50%
Andorre
46%
Finlande
29%
Irlande
29%
Danemark
28%
Espagne
26%
Pologne
25%
Autriche
24%
Lettonie
23%
Serbie
22%
Iles Féroé
21%
Estonie
19%
Royaume-Uni
19%
Hongrie
18%
Suisse
17%
Belgique
16%
Italie
16%
Turquie
16%
Ukraine
16%
Luxembourg
14%
Grèce
13%
Ile de Man
13%
Lituanie
13%
Portugal
13%
Russie
13%
Albanie
12%
Allemagne
12%
Croatie
12%
Slovénie
12%
Suède
12%
Norvege
10%
Macédoine du Nord
9%
Pays-Bas
9%
Monténégro
6%
Aucun quiz correspondant
Distribution des résultats
% des personnes avec chaque résultat
Percentile par nombre de réponses
Votre historique - résultats
Vous n’avez pas pris ce quiz depuis la dernière actualisation